00394 2200157 4500245005500000020001800055250000900073100001900082650002300101005001900124260003500143041001400178084001100192300002400203336000900227 aPenanganan Pengolahan SampahcTim penulis PShText a979-002-191-7 a2008 aTim penulis PS aPengelolaan Sampah a20250317085150 aJakartabPenebar Swadayac2008 aIndonesia a628.34 aiv + 60 hlm :cilus atext